| 000 | 01134nam a22003737a 4500 | ||
|---|---|---|---|
| 001 | 0038334 | ||
| 003 | KOHA_MİRAKIL | ||
| 005 | 20260207003057.0 | ||
| 007 | ta | ||
| 008 | 120903b2005 tu a|||gr||||#||||0|tur | | ||
| 020 | _a9758936190 | ||
| 040 |
_aTR-BiSEU _btur _cTR-BiSEU _erda |
||
| 041 | 0 | _atur | |
| 044 | _ctu | ||
| 050 |
_aHE7631 _b.A75 2005 |
||
| 100 | 1 | _aArıöz, Ali. | |
| 245 | 1 |
_aTelekomünikasyon sektöründe serbestleşme süreci/ _cAli Arıöz ; Ali Arıöz. |
|
| 250 | _a1. bsk. | ||
| 264 | 1 |
_aAnkara : _bRekabet Kurumu _c2005 |
|
| 300 |
_av, 113 sayfa : _btbl. ; _c23 cm. |
||
| 336 |
_ametin _btxt _2rdacontent |
||
| 337 |
_aaracısız _bn _2rdamedia |
||
| 338 |
_acilt _bnc _2rdacarrier |
||
| 490 | 1 |
_aRekabet Kurumu ; _vyayın no 0177. |
|
| 490 | 1 |
_aUzmanlık tezleri serisi ; _vno: 69 |
|
| 500 | _aKaynakça var. | ||
| 650 | 0 |
_aTelecommunication. _912107 |
|
| 650 | 0 |
_aCompetition. _94785 |
|
| 650 | 0 |
_aRekabet. _93533 |
|
| 650 | 0 |
_aTelekomünikasyon. _948145 |
|
| 830 | 1 |
_aRekabet Kurumu ; _vyayın no 0177. _96192 |
|
| 830 | 1 |
_aUzmanlık tezleri serisi ; _vno: 69 _96193 |
|
| 942 |
_2lcc _cBK |
||
| 999 |
_c38173 _d38173 |
||